[Event "Polugaevsky Memorial 2018"]
[Site "Samara"]
[Date "2018.07.14"]
[Round "6"]
[White "Fedorov, Alexey"]
[Black "Shaposhnikov, Evgeny"]
[Result "0-1"]
[WhiteElo "2572"]
[BlackElo "2572"]
[Annotator "TA"]
[PlyCount "82"]
[EventDate "2018.07.10"]
[EventType "swiss"]
[EventCountry "RUS"]
[SourceTitle "playchess.com"]
[Source "ChessBase"]
[SourceQuality "1"]

{[%evp 16,82,23,30,36,35,35,31,33,25,18,6,6,6,41,10,13,8,93,96,87,94,97,53,33,43,34,56,38,-50,130,130,147,-16,-25,-20,-26,-21,-21,-23,-29,-25,-43,-104,-102,-105,-103,-97,0,-8,0,-8,-11,-1720,-1231,-29990,-11,-11,-11,-11,-11,-2102,-1514,-6099,-5345,-12655,-12655,-29981,-29982]} 1. e4 e6 2. d4 d5 3. Nc3 Nf6 4. e5 Nfd7 5. Nce2 c5 6. c3 Nc6 7. Nf3 cxd4 8. cxd4 f6 9. exf6 {LiveBook: 21 Games. C11: French: Classical System: 4 e5 and 4 Bg5 dxe4} (9. Nf4 Ndxe5 10. dxe5 fxe5 11. Nh3 Bc5 12. Nd2 O-O 13. Be2 e4 14. O-O e5 15. Bg4 Nb4 16. Nb3 Bb6 {1-0 (34) Kritz,L (2600)-Sadorra,J (2577) Dallas 2013}) 9... Qxf6 10. Bg5 Qf7 11. Nc3 {[%cal Be2c3,Bc3d5,Bd5f4][%mdl 32] White is slightly better.} Bd6 12. Bh4 $146 ({Predecessor:} 12. Be2 O-O 13. Qd2 Nf6 14. Bxf6 Qxf6 15. g3 Bd7 16. O-O Be8 {0-1 (27) Vardanyan,T (1667)-Gorozhanin,M (2352) Kstovo 2015}) 12... O-O 13. Bg3 Bxg3 14. hxg3 h6 {Black wants to play ...e5.} 15. Qc2 e5 16. Nxd5 $40 {[%mdl 128] White attacks.} Nxd4 (16... Nf6 $1 $11 17. Nxf6+ (17. Nxe5 Nxe5 18. Nxf6+ Qxf6 $11) 17... Qxf6) 17. Nxd4 $16 exd4 18. Bc4 $1 Kh8 19. Nf4 Qe8+ $1 20. Kf1 Ne5 21. Re1 Bf5 22. Qd1 (22. Bd3 $1 $14 Bxd3+ 23. Nxd3) 22... Rd8 $2 (22... Qc6 $15 {keeps the upper hand.} 23. Bd5 (23. Rxe5 Qxc4+ 24. Kg1 d3 $17) 23... Qb5+ 24. Kg1 Rae8) 23. Bd3 $1 Rd6 24. Rh5 $2 (24. Qe2 $1 $16 {[%cal Re2e5]} Nxd3 25. Qxe8 Rxe8 26. Rxe8+ Kh7 27. Nxd3 Bxd3+ 28. Ke1) 24... g5 $11 {aiming for ...Bg4.} 25. Qe2 Nxd3 26. Qxe8 Rxe8 27. Rxe8+ Kg7 28. Re7+ $1 Kf6 29. Rxb7 (29. Re6+ $1 $15 Bxe6 30. Rxh6+ Ke7 31. Rh7+ Kf8 32. Rh8+ (32. Nxd3 $2 Bf5 $19) 32... Kg7 33. Rd8 $1 {[%mdl 512]} Nxf4 34. Rxd6 Bc4+ 35. Ke1 Nd3+ 36. Kd2 Nxf2 37. Rxd4) 29... gxf4 $17 30. Rxh6+ Bg6 $1 31. gxf4 (31. Rxa7 Re6 $19) 31... Nc5 (31... Nxf4 $17 {Hoping for ...d3.} 32. Rc7 Kg5) 32. Rc7 Ne6 33. Rxa7 {Black must now prevent g3.} Nxf4 34. g3 $2 {[%mdl 8192]} (34. Rc7 $11) 34... d3 $1 $19 35. Ke1 Kg5 $2 (35... d2+ $1 {mates} 36. Kd1 Nh3 $1 {[%mdl 512]} 37. Ra6 Nxf2+ 38. Ke2 d1=Q+ 39. Kxf2 Qd2+ 40. Kf1 Rxa6 41. Rh4 Rxa2 42. Rf4+ Ke5 43. Rf2 Qd1+ 44. Kg2 Be4+ 45. Rf3 Qxf3+ 46. Kh3 Qh5#) 36. Rxg6+ $1 $11 Nxg6 {KRN-KR} 37. Kd2 Kg4 {And now ...Ne5 would win.} 38. b3 $2 {[%mdl 8192] [#]} (38. Rg7 $11) 38... Ne5 $1 $19 {[%cal Re5f3]} 39. Ra4+ Kh3 40. Re4 Nf3+ 41. Kd1 Kg2 {Precision: White = 33%, Black = 49%.} 0-1

[Event "Polugaevsky Memorial 2018"]
[Site "Samara"]
[Date "2018.07.15"]
[Round "6"]
[White "Burmakin, Vladimir"]
[Black "Frolyanov, Dmitry"]
[Result "1-0"]
[WhiteElo "2490"]
[BlackElo "2540"]
[Annotator "TA"]
[PlyCount "161"]
[EventDate "2018.07.10"]
[EventType "swiss"]
[EventCountry "RUS"]
[SourceTitle "playchess.com"]
[Source "ChessBase"]
[SourceQuality "1"]

{[%evp 15,161,-47,-17,-49,-19,-33,-15,-62,-54,-61,-19,-26,16,-5,-5,-18,-4,-9,-8,-9,0,-20,-20,-22,-17,-21,-22,-32,-21,-19,-8,-10,-10,-12,0,-8,0,0,0,0,0,-12,-19,-13,-11,-41,0,0,0,-12,-12,-14,-10,-39,-24,-26,0,0,0,0,0,0,0,0,0,0,0,0,0,0,0,0,0,0,0,0,0,0,0,0,0,0,0,0,0,0,0,0,0,0,0,0,0,0,10,18,6,6,5,8,70,70,67,68,69,78,179,179,202,198,322,235,309,300,291,298,283,294,290,274,263,238,372,369,367,362,377,369,391,386,323,308,428,440,425,424,483,352,527,527,509,494,474,474,445,435,568,500]} 1. Nf3 d5 2. g3 g6 3. c4 dxc4 4. Qa4+ (4. Na3 Bg7 5. Nxc4 Nc6 6. d3 e5 7. Bd2 Nge7 8. b4 Be6 9. Rc1 Nd4 10. Bg2 Bd5 11. e4 Nxf3+ 12. Qxf3 {0-1 (47) Oparin,G (2602)-Mamedyarov,S (2799) Moscow 2017}) 4... Nc6 5. Qxc4 Bg7 6. d3 {A09: Réti Opening: 1 Nf3 d5 2 c4} e5 7. Bg2 Nge7 8. O-O O-O {LiveBook: 27 Games} 9. Nbd2 Nd4 10. Nxd4 exd4 11. Ne4 Be6 12. Qc2 Bd5 13. Bg5 h6 (13... f6 {with more complications.} 14. Bd2 c6 15. Rfe1 b6 16. e3 dxe3 17. Bxe3 Nf5) 14. Bxe7 $146 ({Predecessor:} 14. Bf6 Bxe4 15. Bxe7 Qxe7 16. Bxe4 {½-½ (16) Schmidt,W-Boey,J Nice 1974}) 14... Qxe7 15. Qc5 Qxc5 16. Nxc5 Bxg2 17. Kxg2 b6 18. Nb3 Rfe8 19. Rfe1 Re6 20. Rac1 c5 21. Nd2 Rae8 22. Kf1 h5 23. h4 Bh6 24. f4 Bf8 25. Kf2 Kg7 26. Ne4 Be7 27. Rc2 Bd8 28. a4 a5 29. b3 Kf8 30. Kf3 Bc7 (30... Bf6 $5) 31. Nd2 f6 32. Nc4 {[#]} g5 $1 {[%mdl 512]} 33. hxg5 (33. fxg5 fxg5) 33... fxg5 34. fxg5 {Black must now prevent Rh1.} (34. e4 {is more complex.} dxe3 35. fxg5 Rd8 36. Rxe3 Rxe3+ 37. Kxe3 Kg7 38. Rh2) 34... Rg6 35. e4 dxe3 (35... Rxg5 {seems wilder.} 36. Rg2 Ke7 37. Reg1 Rf8+ 38. Ke2 Rfg8) 36. Rxe3 Rxg5 37. Rxe8+ Kxe8 $11 {[%mdl 4096] Endgame KRB-KRN} 38. Rg2 Kf7 39. Nd2 Rd5 40. Ke2 Rd4 41. Rf2+ Kg6 42. Rf3 Rb4 43. Kd1 Rd4 44. Ne4 Be5 45. Kd2 Rd8 46. Rf1 Bg7 47. Ke2 Rd5 48. Rh1 Rd4 49. Kd2 Bh6+ 50. Kc2 Rd5 51. g4 hxg4 52. Rh4 {[#]} Rg5 $1 {[%mdl 512]} 53. Kd1 (53. Nxg5 Kxg5) 53... Rh5 54. Rxg4+ Kf7 55. Nd6+ Ke6 56. Nc4 Rh1+ 57. Kc2 {White wants to play Rg6+.} Rh2+ (57... Kf5 $11 58. Rg2 Rc1+ 59. Kb2 Rh1) 58. Kc3 $14 Kf5 59. Rg8 Bg5 {Threatens to win with ...Bf6+.} 60. Nd6+ Ke6 {[#]} (60... Kf4 $16 {keeps fighting.}) 61. Ne4 $1 $18 Bf4 62. Rg6+ Kd5 (62... Ke5 {is a better defense.}) 63. Nf6+ Ke5 {aiming for ...Kf5.} 64. Nd7+ Kf5 65. Rf6+ ({But not} 65. Rxb6 $6 Bd2+ 66. Kc4 Rh4+ 67. Kb5 Rd4 $18) 65... Kg5 66. Rxb6 Bd2+ 67. Kc4 Bb4 68. Rc6 Kf4 (68... Rh4+ {was worth a try.} 69. Kb5 Rd4 70. Nxc5 Kf5) 69. Nxc5 Ke3 70. Re6+ Kd2 {If Black can now play ...Bxc5 this consolidates a bit.} 71. d4 Rh4 72. Rg6 Ke3 73. Rg3+ Kd2 74. Nd3 Bd6 75. Rg6 Bh2 76. Nf2 Rh8 (76... Bc7 $142 77. Re6 Bh2 78. Ne4+ Ke3 79. Nc5+ Kf3) 77. Ne4+ {White is clearly winning.} Ke3 78. Re6 Rb8 79. Nc3+ Kf3 80. Nb5 Bf4 81. Kd3 {Precision: White = 82%, Black = 44%.} 1-0

[Event "Polugaevsky Memorial 2018"]
[Site "Samara"]
[Date "2018.07.15"]
[Round "6"]
[White "Shinkevich, Vitaly"]
[Black "Karpeshov, Oleg"]
[Result "1-0"]
[WhiteElo "2432"]
[BlackElo "2333"]
[Annotator "TA"]
[PlyCount "53"]
[EventDate "2018.07.10"]
[EventType "swiss"]
[EventCountry "RUS"]
[SourceTitle "playchess.com"]
[Source "ChessBase"]
[SourceQuality "1"]

{[%evp 20,53,19,19,51,27,55,54,81,71,110,91,107,100,96,93,168,116,205,152,217,229,235,228,263,211,351,335,620,601,705,618,775,764,805,793]} 1. d4 Nf6 2. Nf3 e6 3. c4 Bb4+ 4. Nbd2 O-O 5. g3 d5 6. Bg2 b6 7. O-O Bb7 8. cxd5 exd5 9. Ne5 Bd6 10. Ndc4 {E16: Queen's Indian: 4 g3 Bb7 5 Bg2 Bb4+} Be7 11. Ne3 {LiveBook: 5 Games} (11. Bf4 Ne4 12. Nd2 Ng5 13. Bxg5 Bxg5 14. Rc1 Re8 15. e3 c5 16. dxc5 Rxe5 17. f4 Nc6 18. fxe5 Nxe5 {½-½ (44) Xu,X (2574)-Bu,X (2725) China 2018}) 11... g6 12. b3 {[%cal Bb2b3,Bb3a4][%mdl 32] White is slightly better.} a5 $146 ({Predecessor:} 12... Nbd7 13. Bb2 Rc8 14. Rc1 c6 15. Bh3 Rc7 16. Rc2 Nb8 17. Qc1 Ne4 {1-0 (45) Michalik,P (2578)-Duong,T (2334) Ho Chi Minh City 2017}) 13. Bb2 a4 14. bxa4 c6 15. Rc1 Nfd7 16. f4 Nxe5 17. fxe5 f5 (17... Bc8 $16) 18. Qb3 (18. exf6 $18 Bxf6 19. Qb3) 18... Bg5 (18... Kh8 $16) 19. h4 Bh6 (19... Be7 $16 {was necessary.} 20. Bc3 Nd7) 20. Ba3 $18 Re8 {[#]} 21. Rc3 $1 Kh8 22. Bc1 {Hoping for Nxf5.} Bg7 (22... Bf8 $142 23. h5 Bc8) 23. h5 Nd7 $2 (23... Bc8 24. Qc2 Bh6 25. hxg6 Bxe3+ 26. Rxe3 hxg6) 24. hxg6 {White is clearly winning.} hxg6 25. g4 Nxe5 26. dxe5 f4 {[#]} 27. Nc4 $1 {Precision: White = 95%, Black = 13%.} 1-0

[Event "Polugaevsky Memorial 2018"]
[Site "Samara"]
[Date "2018.07.15"]
[Round "6"]
[White "Mokshanov, Alexey"]
[Black "Sidorov, Anatoly"]
[Result "1-0"]
[WhiteElo "2430"]
[BlackElo "2302"]
[Annotator "TA"]
[PlyCount "37"]
[EventDate "2018.07.10"]
[EventType "swiss"]
[EventCountry "RUS"]
[SourceTitle "playchess.com"]
[Source "ChessBase"]
[SourceQuality "1"]

{[%evp 20,37,70,65,181,157,473,437,438,486,589,591,572,577,838,838,826,811,1027,1010]} 1. e4 c5 2. Nf3 e6 3. c3 Nf6 4. e5 Nd5 5. Bc4 b6 6. O-O Bb7 {[%cal Bc8b7,Bb7d5,Bd5c4][%mdl 32]} 7. d4 cxd4 8. cxd4 Be7 9. Bxd5 Bxd5 10. Nc3 {B22: Sicilian: 2 c3} Bc4 (10... Na6 11. Nxd5 exd5 12. Bf4 O-O 13. Rc1 Nc7 14. Qa4 a5 15. Qb3 b5 16. Bg5 Bxg5 17. Nxg5 h6 {½-½ (44) Tukhaev,A (2558)-Pantsulaia,L (2585) Kocaeli 2017}) 11. Re1 {LiveBook: 11 Games} d5 ({Black should try} 11... Na6 $14) 12. exd6 $1 $18 {White is clearly better.} Qxd6 $2 {[#]} (12... Bxd6 $16 {is a better chance.} 13. Qa4+ b5 14. Nxb5 Bxb5 15. Qxb5+ Qd7 16. Qxd7+ Nxd7) 13. Ne5 {White is clearly winning.} Bd5 14. Bf4 Qd8 15. Qa4+ Kf8 16. Nxd5 Qxd5 $146 ({Predecessor:} 16... exd5 17. Rac1 g5 18. Qc2 f6 19. Bxg5 Kg7 20. Bh6+ Kxh6 21. Nf7+ Kg7 22. Nxd8 Bxd8 23. Qc8 {1-0 (23) Petschar,K (2321)-Danner,G (2415) Austria 2002}) 17. Rac1 Qd8 18. Qb3 Bf6 {[#]} 19. Nxf7 $1 {[%mdl 512]} 1-0

[Event "Polugaevsky Memorial 2018"]
[Site "Samara"]
[Date "2018.07.15"]
[Round "6"]
[White "Kotlyar, Kirill"]
[Black "Gabrielian, Artur"]
[Result "1-0"]
[WhiteElo "2407"]
[BlackElo "2518"]
[Annotator "TA"]
[PlyCount "39"]
[EventDate "2018.07.10"]
[EventType "swiss"]
[EventCountry "RUS"]
[SourceTitle "playchess.com"]
[Source "ChessBase"]
[SourceQuality "1"]

{[%evp 24,39,61,83,281,289,284,280,367,356,352,237,230,227,324,318,1090,1086]} 1. d4 Nf6 2. c4 e6 3. Nf3 d5 4. Nc3 Be7 5. Bf4 O-O 6. e3 c5 7. dxc5 Bxc5 8. Qc2 Nc6 9. a3 Qa5 10. Rd1 Re8 {D37: Queen's Gambit Declined: 5 Bf4} 11. Nd2 (11. Bg3 Ne4 12. cxd5 exd5 13. Rxd5 Nxc3 14. bxc3 Be6 15. Rd2 Be7 16. Bd3 g6 17. O-O Qxa3 18. Nd4 Nxd4 19. cxd4 {0-1 (37) Mamedyarov,S (2808)-Nakamura,H (2769) Leuven 2018}) 11... e5 12. Bg5 Nd4 13. Qb1 $1 {[#] LiveBook: 19 Games. aiming for Bxf6.} Bg4 $2 (13... Bf5 $16 14. Bd3 Bxd3 15. Qxd3 Ne4) 14. Bxf6 $1 $18 Bxd1 {[#]} 15. Kxd1 $146 ({Predecessor:} 15. Qxd1 gxf6 16. Nxd5 Bxa3 17. bxa3 Qxa3 18. Nxf6+ {1-0 (26) Leitao,R (2590)-Mecking,H (2556) Rio de Janeiro 2009}) 15... dxc4 16. exd4 exd4 17. Bxc4 dxc3 18. Bxc3 Qc7 {[#]} (18... Qa4+ $142 19. Kc1 Qd7) 19. Qf5 $1 h6 $2 (19... Rad8 20. Bd3 Rxd3) 20. Bd3 1-0

[Event "Polugaevsky Memorial 2018"]
[Site "Samara"]
[Date "2018.07.15"]
[Round "6"]
[White "Demianjuk, Alexander"]
[Black "Drygalov, Andrey"]
[Result "0-1"]
[WhiteElo "2348"]
[BlackElo "2439"]
[Annotator "TA"]
[PlyCount "136"]
[EventDate "2018.07.10"]
[EventType "swiss"]
[EventCountry "RUS"]
[SourceTitle "playchess.com"]
[Source "ChessBase"]
[SourceQuality "1"]

{[%evp 27,136,15,35,-39,0,0,-22,-83,-45,-41,-42,-41,-58,-46,-52,-48,-40,-34,-50,-81,-79,-102,-104,-83,-91,-84,-99,-118,-130,-99,-47,-23,0,-91,-20,-20,-20,-23,-17,-57,-39,-28,-31,-31,-22,-103,-110,-108,-100,-106,-114,-107,-103,-271,-185,-200,-79,-79,-85,-86,-20,-36,-30,-56,-53,-86,0,0,0,0,0,0,0,-8,-8,-12,-12,-13,-20,-331,-278,-4950,-4862,-7331,-4860,-1708,-3054,-4508,-2378,-6115,-4620,-5695,-4690,-29975,-29973,-29972,-29974,-29974,-29975,-29972,-588,-29977,-29979,-29976,-29979,-29979,-29981,-29983,-29984,-29984,-29985]} 1. e4 c5 2. Nf3 d6 3. d4 cxd4 4. Nxd4 Nf6 5. Nc3 a6 6. Be3 e5 7. Nb3 Be6 8. f3 Be7 9. Qd2 O-O 10. O-O-O Nbd7 11. g4 b5 12. g5 Nh5 13. Nd5 Bxd5 {B90: Sicilian Najdorf: Unusual White 6th moves, 6 Be3 Ng4 and 6 Be3 e5} 14. exd5 f5 {LiveBook: 105 Games} (14... f6 15. gxf6 Bxf6 16. Kb1 Nf4 17. Rg1 Kh8 18. Bd3 Bg5 19. Na5 Bh6 20. Nc6 Qh4 21. Qb4 {½-½ (49) Caruana,F (2784)-Mamedyarov,S (2809) Berlin 2018}) 15. g6 ({White should try} 15. Rg1 $14) 15... hxg6 {Black is slightly better.} 16. Rg1 $146 ({Predecessor:} 16. Na5 Bh4 17. Nc6 Qc7 18. Qg2 Rf7 19. Qxg6 Nhf6 20. c4 Nb6 21. Bxb6 Qxb6 {½-½ (44) Siigur,J (2488)-Serafim,J (2597) ICCF email 2005}) 16... Qe8 17. Qg2 (17. Na5 $11) 17... Bf6 18. Qxg6 Qxg6 19. Rxg6 Kf7 20. Rg2 Rfc8 21. Kb1 Nf4 $36 {[%mdl 2048] Black has good play.} 22. Rgd2 Bg5 23. c3 Kf6 24. Bg1 Rh8 $1 25. Rc2 Nh3 26. Bxh3 Rxh3 27. Rf1 Bf4 28. c4 bxc4 ({Black should play} 28... Rc8 $17 29. Na5 Rhh8) 29. Rxc4 $15 Bxh2 30. Be3 (30. Rc6 $11) 30... f4 (30... Kg6 $1 $17 31. Rc6 Nf6) 31. Bd2 $11 Kf5 32. Rc6 $1 Rh6 33. Bc3 g5 34. Nd2 g4 $1 {[%cal Rg4g3]} 35. fxg4+ Kxg4 36. Ne4 (36. Bb4 $11 {remains equal.}) 36... Rg8 $1 $17 37. Nxd6 Rgg6 $1 {[%cal Rg6d6]} 38. Nf7 Rxc6 39. dxc6 Rxc6 {...f3 is the strong threat.} 40. Rd1 $2 (40. Bxe5 $17 Re6 41. Bc3) 40... f3 $19 41. Rxd7 f2 (41... e4 $1 $19 42. Ne5+ Bxe5 43. Bxe5 f2) 42. Rd1 $17 e4 $1 {[%cal Re4e3]} 43. Bd4 Rc7 (43... Rf6 $1 $17 44. Nh6+ (44. Bxf6 $2 {loses.} e3 $19) 44... Rxh6 45. Bxf2 Bf4) 44. Nh6+ Kf3 45. Bxf2 $1 Kxf2 $11 {[%mdl 4096] Endgame KRB-KRN} 46. Ng4+ Kg3 (46... Ke2 $17 47. Rd4 Bf4 48. Rxe4+ Kf3 49. Rxf4+ Kxf4) 47. Nxh2 Kxh2 {KR-KR} 48. Re1 Rc4 {And now ...Kg2 would win.} 49. b3 Rd4 {Threatens to win with ...Kg2.} 50. Kc2 Kg2 {Hoping for ...Kf2.} 51. Kc3 Rd3+ 52. Kc2 Kf3 {White must now prevent ...Rd6.} 53. Rh1 $2 {[%mdl 8192] [#]} (53. Rf1+ $1 $11 Ke2 54. Rf6) 53... Rd6 $1 $19 54. Rh3+ $2 (54. Rh4) 54... Kf2 55. Rh2+ {[#]} Kg3 $1 {[%cal Rg3h2]} 56. Rh8 e3 57. Rg8+ Kf2 58. Rf8+ Ke1 59. Re8 e2 60. a4 Rd2+ 61. Kc3 Kd1 62. Kb4 Rd5 63. Kc4 Rd7 (63... Rf5 $142 64. Rd8+ Ke1 65. b4 Kf1 66. Rh8 e1=Q 67. Rh1+ Kf2 68. Rxe1 Kxe1 69. b5 Rf4+ 70. Kd3 a5 71. Kc3 Rxa4 72. Kb2 Rb4+ 73. Kc3 Rxb5 74. Kc4 Rb1 75. Kc3 a4 76. Kc2 Rb8 77. Kd3 a3 78. Kc4 a2 79. Kd3 a1=Q 80. Kc4 Qa5 81. Kd3 Rb4 82. Kc2 Ke2 83. Kc3 Qc5#) 64. Kb4 e1=Q+ {Black mates.} 65. Rxe1+ Kxe1 66. Ka5 Kd2 67. b4 Kc3 68. b5 axb5 {Precision: White = 37%, Black = 56%.} 0-1

[Event "Polugaevsky Memorial 2018"]
[Site "Samara"]
[Date "2018.07.15"]
[Round "6"]
[White "Remizov, Yaroslav"]
[Black "Lugovskoy, Maxim"]
[Result "1-0"]
[WhiteElo "2308"]
[BlackElo "2391"]
[Annotator "TA"]
[PlyCount "91"]
[EventDate "2018.07.10"]
[EventType "swiss"]
[EventCountry "RUS"]
[SourceTitle "playchess.com"]
[Source "ChessBase"]
[SourceQuality "1"]

{[%evp 30,91,94,31,35,0,8,21,0,0,25,-23,-22,-27,-11,-26,112,-762,-749,-729,-755,-708,-502,-424,-435,-363,-395,-733,-726,-884,-50,-32,-2,-2,-6,-8,-8,-5,430,430,404,430,423,430,430,430,420,430,430,430,430,430,430,423,416,163,413,379,667,593,658,656,5097,2096]} 1. e4 e6 2. d4 d5 3. Nc3 Bb4 4. e5 c5 5. a3 Bxc3+ 6. bxc3 Ne7 7. Qg4 Qc7 8. Qxg7 Rg8 9. Qxh7 cxd4 10. Ne2 Nbc6 11. f4 Bd7 12. h4 {C18: Französische Verteidigung (Nimzowitsch-Variante)} dxc3 13. h5 O-O-O 14. Qd3 d4 15. h6 Be8 {[#]} 16. h7 {LiveBook: 7 Partien} ({Günstiger ist} 16. g4 $1 $16 {[%mdl 512]}) 16... Rh8 $14 17. Ng3 {Und Se4 würde nun gewinnen.} f6 18. exf6 Nd5 {[#]} 19. Rh6 $146 ({Vorgänger:} 19. Ne4) 19... e5 20. Be2 exf4 21. Qf5+ $1 Kb8 $1 22. Nh5 $1 {[%cal Rh5f4]} Bxh5 (22... Ne3 $11 {hält das Gleichgewicht.} 23. Bxe3 fxe3) 23. Bxh5 $4 {[%mdl 8192] [#]} (23. Qxh5 $6 Ne5 $11) (23. Rxh5 $16 f3 24. Qxf3 (24. Bxf3 Qg3+ 25. Kf1 Rde8 $11)) 23... d3 $1 $19 {[%cal Rd3d2][%mdl 512]} 24. Qxd3 (24. cxd3 Nd4) 24... Qe5+ (24... Nxf6 25. Qf5 $17) 25. Kf2 Nxf6 26. Qf3 Ne4+ 27. Kg1 Rdf8 {zielt auf ...Sd4 ab.} 28. Rb1 $2 (28. Bg6 Nd2 29. Bxd2 cxd2 30. Rd1) 28... Nd4 $1 {[%csl LRc2,LRf3]} 29. Qh3 Nd2 $2 (29... Ng3 $19 30. Bxf4 Qxf4) 30. Bxd2 $1 $15 cxd2 (30... f3 $5 31. Bf4 (31. Bxc3 Ne2+ 32. Kh1 Nxc3 $15) 31... Rxf4 32. Bxf3 (32. Qd7 Ne2+ 33. Kh1 fxg2+ 34. Kxg2 Qe4+ 35. Bf3 Qxf3+ 36. Kh2 Qf2+ 37. Kh3 Qg3#) 32... Rf7 $11) 31. Qd7 $1 {[%csl Gb1][%cal Rd7b7]} Qe1+ 32. Kh2 $132 {[%csl Gb1][%cal Rd7b7][%mdl 2048] Weiss puts up resistance} Qxb1 33. Qd6+ $1 Kc8 $2 {[%mdl 8192]} (33... Ka8 $11 {und Schwarz ist OK.} 34. Qxf8+ Rxf8) 34. Bg4+ $1 $18 ({Und nicht} 34. Qxd4 Qxc2 35. Bf3 (35. Bg4+ $2 Kb8 $19) 35... Qc7 $17) 34... Nf5 {[#]} 35. Bxf5+ $1 Rxf5 {[#]} 36. Qe6+ $1 Kb8 37. Qxf5 {[%mdl 4096] Endspiel Droht Matt per De5+. KDT-KDT} Qe1 {( -> ...Dg3+)} 38. Qxf4+ Ka8 39. Qd4 Qe8 40. Qxd2 Qe5+ 41. g3 a6 {Wenn Schwarz jetzt Zeit für ...Dg7 hätte...} 42. Qd7 $2 (42. Rh4) 42... Ka7 $2 (42... Qe2+ 43. Kh3 Qe4) 43. Kh3 Rf8 $2 (43... Qe4 44. Qd3 Qe5) 44. Rh4 {Weiß steht klar auf Gewinn.} Ka8 45. Qd3 Qe1 46. h8=Q {Precision: Weiß = 35%, Schwarz = 37%.} (46. h8=R $142 Qh1+ 47. Kg4 Rxh8 48. Rxh1 Rxh1 49. Kf4) 1-0

[Event "Polugaevsky Memorial 2018"]
[Site "Samara"]
[Date "2018.07.15"]
[Round "6"]
[White "Skatchkov, Valery"]
[Black "Postnikov, Daniil"]
[Result "1-0"]
[WhiteElo "2287"]
[BlackElo "2370"]
[Annotator "TA"]
[PlyCount "81"]
[EventDate "2018.07.10"]
[EventType "swiss"]
[EventCountry "RUS"]
[SourceTitle "playchess.com"]
[Source "ChessBase"]
[SourceQuality "1"]

{[%evp 19,81,-14,29,0,0,0,0,0,-6,0,0,-14,0,-12,-6,-12,-20,-16,0,0,0,-19,-11,-8,41,13,31,12,138,150,124,145,131,118,127,137,129,109,95,81,104,68,461,472,460,466,465,443,410,411,101,147,1305,1297,29989,29990,29990,29991,29991,29992,29994,29991,29991,964]} 1. d4 Nf6 2. c4 g6 3. Nc3 d5 4. cxd5 Nxd5 5. g3 Bg7 6. Bg2 Nb6 7. Nf3 O-O 8. O-O Nc6 9. e3 Re8 10. a3 {D76: Fianchetto Grünfeld: Main Line with 7...Nb6} Be6 {LiveBook: 5 Games} 11. Ne4 $146 ({Predecessor:} 11. Nd2 a5 12. Nb3 Bc4 13. Re1 e5 14. d5 e4 15. Nd2 Bxc3 16. dxc6 Bxd2 17. Bxd2 bxc6 {1-0 (41) Friedel,J (2562)-Pigott,J (2403) Reykjavik 2018}) 11... Bd5 12. Nc5 {The position is equal.} e5 13. Nxb7 Qe7 14. Re1 {With the idea e4.} exd4 {[#] White must now prevent ...Rab8.} 15. e4 $1 {[%mdl 512]} Ne5 (15... Bxe4 16. Nd2) 16. Nxe5 Bxb7 17. Nd3 c5 18. b3 c4 19. bxc4 Nxc4 20. Qb3 Rac8 21. Bf4 a5 22. Bh3 Rc6 23. Rac1 Ba6 (23... Bc8 $1 $11 {keeps the balance.} 24. Qa4 Ne5 25. Bxe5 Rxc1 26. Nxc1 (26. Rxc1 Bxh3 27. f4 Bxe5 $11) 26... Bxe5 27. Bxc8 Rxc8) 24. Qa4 $16 Ne5 25. Nxe5 Rxc1 26. Rxc1 Bxe5 {[#]} 27. Bg5 $1 $36 {[%cal Rg5e7][%mdl 2560] White is on the roll.} f6 (27... Qxg5 28. Qxe8+) 28. Bd2 Bb7 29. Bg2 Ra8 30. f4 Bb8 $2 {[%mdl 8192]} ({Black should play} 30... Bd6 $14) 31. e5 $18 Bxg2 32. Rc8+ (32. Kxg2 Qe6 $18) 32... Kg7 {Strongly threatening ...Bh3.} 33. exf6+ Kxf6 {And now ...Bb7 would win.} 34. Qxd4+ Kf5 $2 (34... Ke6 $18 35. Qe3+ (35. Kxg2 Qb7+ 36. Kf1 Qf3+ 37. Ke1 Bxf4 $14) 35... Kd7 36. Qxe7+ Kxe7 37. Kxg2 Kd7) 35. Qd3+ ({Reject} 35. Kxg2 $6 Qe2+ 36. Kh3 Qh5+ 37. Kg2 Qe2+ 38. Kh3 Qh5+ 39. Kg2 Qe2+ $11) 35... Kg4 $2 {[%mdl 8192] [#]} (35... Be4 $16 36. Qb5+ Kf6 37. Qb2+ (37. Rxb8 Rxb8 38. Qxb8 Qc5+ 39. Kf1 Bd3+ 40. Kg2 Be4+ 41. Kf1 Bd3+ 42. Kg2 Be4+ 43. Kf1 $11) 37... Ke6 38. Rxb8 Rxb8 39. Qxb8 Qc5+ 40. Kf1 Bd3+ 41. Kg2 Be4+ 42. Kf1 Bd3+ 43. Kg2 Be4+ 44. Kf1) 36. Rc4 $1 {aiming for f5+.} Kh3 {[#]} 37. g4+ $1 {[%mdl 512] White mates.} Kxg4 38. f5+ Kh5 39. Kxg2 {[%cal Rd3f3]} Qb7+ 40. Re4 {[%cal Rd3h3]} gxf5 41. Qf3+ {Precision: White = 65%, Black = 43%.} (41. Qh3+ $142 Kg6 42. Qh6+ Kf7 43. Qe6+ Kf8 44. Bh6+ Qg7+ 45. Bxg7+ Kxg7 46. Qxf5 Bf4 47. Re7+ Kg8 48. Qxh7+ Kf8 49. Qg7#) 1-0